Normal view
MARC view
Entry Personal Name
001 - CONTROL NUMBER
- control field: 49010
003 - CONTROL NUMBER IDENTIFIER
- control field: ARRUPE
005 - DATE AND TIME OF LATEST TRANSACTION
- control field: 20200122100524.0
008 - FIXED-LENGTH DATA ELEMENTS
- fixed length control field: 200122|| aca||aabn | a|a d
040 ## - CATALOGING SOURCE
- Original cataloging agency: ARRUPE
- Transcribing agency: ARRUPE
100 ## - HEADING--PERSONAL NAME
- Personal name: Judd, Denis,
- Dates associated with a name: 1938-
670 ## - SOURCE DATA FOUND
- Source citation: Work cat.: (ARRUPE)0: Judd, Denis, 1938-, The life and times of George V, 1973.